Cairo : the site & the history = [al-Qāhirah] /
محفوظ في:
المؤلف الرئيسي:
مؤلفون آخرون:
التنسيق: كتاب
اللغة: English
منشور في:
Baton Rouge :
Louisiana State University Press,
1988.
الموضوعات:
الوسوم: إضافة وسم
لا توجد وسوم, كن أول من يضع وسما على هذه التسجيلة!
رقم الطلب: ( F )DT148 .P43 1988
| LEADER | 00891cam a2200277 a 4500 | ||
|---|---|---|---|
| 001 | 87082873 //r92 | ||
| 003 | OSt | ||
| 005 | 20240215095444.0 | ||
| 008 | 870925s1988 laua s000 0 eng | ||
| 999 | |c 56804 |d 56804 | ||
| 010 | |a 87082873 //r92 | ||
| 020 | |a 0807114723 | ||
| 040 | |c ARCE Library | ||
| 043 | |a f-ua--- | ||
| 050 | 4 | |a ( F )DT148 .P43 1988 | |
| 100 | 1 | |a Peccinotti, Harri. | |
| 245 | 1 | 0 | |a Cairo : |b the site & the history = [al-Qāhirah] / |c photographs by Harri Peccinotti ; essays by Morsi Saad El-Din ... [et al.]. |
| 260 | |a Baton Rouge : |b Louisiana State University Press, |c 1988. | ||
| 300 | |a 99 p. : |b col. ill. ; |c 34 cm. | ||
| 500 | |a Digital copy is on the Internet Archive website. | ||
| 651 | 0 | |a Cairo (Egypt) |x History. | |
| 651 | 0 | |a Cairo (Egypt) |x Pictorial works. | |
| 700 | 1 | |a Saad El Din, Mursi. | |
| 740 | 0 | |a Qāhirah. | |
| 901 | |a reviewed | ||
| 942 | |2 lcc |c BK | ||
